000 00659nam a22001937a 4500
999 _c164052
_d164052
005 20190509111148.0
010 _aUR-10083
020 _c300.00
_a-
035 _aU-8638
037 _bDBAD/PUB
082 _a808
100 _aمحمد شکيل ا ستھا ن و ی
245 _aنقو ش حيا ت
_cمحمد شکيل ا ستھا ن و ی
246 _bNuqoosh-e-Hayat
_aby Mohd.Shakeel Asthanvi
260 _a Delhi
_bEducational Publishing House
_c2017 ء
270 _a3191،Vakil Street,Kucha Pandit,Lal Kuan,
_bDelhi
_e110006
_k23216162
_l00911123211540
300 _a228ص
_c22 Cm.(bk)
942 _2ddc
_cUR
_h808
_mا س ت